ბათუმის შოთა რუსთაველის სახელმწიფო უნივერსიტეტის ბიბლიოთეკა

Color atlas of anatomy : (ბიბ.ჩანაწერი № 53776)

000 -LEADER
fixed length control field 01150nam a2200277Ia 4500
001 - CONTROL NUMBER
control field 20826
003 - CONTROL NUMBER IDENTIFIER
control field GE_BSU
005 - DATE AND TIME OF LATEST TRANSACTION
control field 20221107164013.0
008 - FIXED-LENGTH DATA ELEMENTS--GENERAL INFORMATION
fixed length control field 181216s ||||enk|||||||||||||| ||eng||
020 ## - INTERNATIONAL STANDARD BOOK NUMBER
International Standard Book Number 9781582558561 X
040 ## - CATALOGING SOURCE
Transcribing agency GE_BSU
041 ## - LANGUAGE CODE
Language code of text/sound track or separate title eng
080 ## - UNIVERSAL DECIMAL CLASSIFICATION NUMBER
Universal Decimal Classification number 611(084.4) R-72
100 ## - MAIN ENTRY--PERSONAL NAME
Personal name Rohen, Johannes
9 (RLIN) 7217
245 ## - TITLE STATEMENT
Title Color atlas of anatomy :
Remainder of title a photographic study of the human body /
Statement of responsibility, etc. Johannes W. Rohen, Yokochi Chihiro, Elke Lütjen-Drecoll.
250 ## - EDITION STATEMENT
Edition statement seventh edition
264 ## - PRODUCTION, PUBLICATION, DISTRIBUTION, MANUFACTURE, AND COPYRIGHT NOTICE
Place of production, publication, distribution, manufacture Piladelpia, Baltimore :
Name of producer, publisher, distributor, manufacturer Lippincott Williams & Wilkins,
Date of production, publication, distribution, manufacture, or copyright notice 2011.
300 ## - PHYSICAL DESCRIPTION
Extent 532 p. :
Other physical details ill. ;
Dimensions 30 cm.
Accompanying material With 1211 Figures, 1117 in Color, and 94 Radiographs, CT and MRI Scans
653 ## - INDEX TERM--UNCONTROLLED
keyword Color atlas of anatomy : a photographic study of the human body
653 ## - INDEX TERM--UNCONTROLLED
keyword ანატომიის ფერადი ატლასი : ადამიანის სხეულის ფოტოგრაფიული შესწავლა
653 ## - INDEX TERM--UNCONTROLLED
keyword მედიცინა
700 ## - ADDED ENTRY--PERSONAL NAME
Personal name Yokochi, Chihiro
Relator term by
9 (RLIN) 7219
700 ## - ADDED ENTRY--PERSONAL NAME
Personal name Lütjen-Drecoll, Elke
Relator term by
9 (RLIN) 7220
942 ## - ADDED ENTRY ELEMENTS (KOHA)
Koha item type წიგნი
Source of classification or shelving scheme
ეგზემპლარები
Withdrawn status Lost status Source of classification or shelving scheme Damaged status Not for loan Permanent Location Current Location Shelving location Date acquired Cost, normal purchase price Full call number Barcode Date last seen Copy number Price effective from Koha item type Public note
          ბათუმის შოთა რუსთაველის სახელმწიფო უნივერსიტეტის მთავარი ბიბლიოთეკა ბათუმის შოთა რუსთაველის სახელმწიფო უნივერსიტეტის მთავარი ბიბლიოთეკა წიგნსაცავი 2018-12-17 240.00 611(084.4) R-72 54247 2018-12-17 54247 2018-12-17 წიგნი 242.00 GEL.
          ბათუმის შოთა რუსთაველის სახელმწიფო უნივერსიტეტის მთავარი ბიბლიოთეკა ბათუმის შოთა რუსთაველის სახელმწიფო უნივერსიტეტის მთავარი ბიბლიოთეკა წიგნსაცავი 2018-12-17 240.00 611(084.4) R-72 54634 2018-12-17 54636 2018-12-17 წიგნი 240.00 GEL.